000 00462nam a2200169Ia 4500
999 _c29045
_d29045
003 OSt
005 20201231114101.0
008 190216s9999||||xx |||||||||||||| ||und||
040 _coclc
082 _a894.812301
_bAJI/K
100 _aAjith
_98017
245 0 _aKathaparayanoridam /
_cAjith
260 _bDc Books,
_aKottayam:
_c2003.
300 _a40p
650 _aKathakal
942 _cBK
_2ddc
_h894.812301
_iAJI/K
_k894.812301
_mAJI/K